Bases para el manejo racional de insecticidas

Збережено в:
Бібліографічні деталі
Автор: Silva Aguayo, Gonzalo (Автор)
Інші автори: Hepp Gallo, Ruperto Fernando (autor)
Формат: Книга
Мова:Іспанська
Опубліковано: Chillán FIA 2003
Предмети:
Теги: Додати тег
Немає тегів, Будьте першим, хто поставить тег для цього запису!

MARC

LEADER 00000nam a2200000 a 4500
001 UCL7119
003 CL-VaPUC
008 040507e20030000CL |||||||||||||||||spa|d
020 |a 9568020020 
082 0 4 |a 632.9517  |b SIL  |2 21 
100 0 |a Silva Aguayo, Gonzalo  |e author  |9 484893 
700 |a Hepp Gallo, Ruperto Fernando  |e autor  |9 529284 
245 1 0 |a Bases para el manejo racional de insecticidas 
300 |a 310 p 
942 |c BK 
945 |d 20040507 00:00:00  |a cmena 
260 |a Chillán  |b FIA  |c 2003 
650 7 |a INSECTICIDAS  |2 CL-VaPUC  |9 262975 
650 0 |a Control de plagas  |9 327373 
650 0 |a Protección del medio ambiente  |9 257626 
583 |a last modification  |c 20040507 00:00:00  |k Rodrigo Vera 
999 |c 308976  |d 308974 
952 |0 0  |1 0  |4 0  |6 632_951700000000000_SIL_2003  |7 0  |8 A  |9 375987  |a BIBAGR  |b BIBAGR  |d 2019-11-21  |i 4014081  |o 632.9517 SIL 2003  |p 4014081  |r 2025-01-20  |w 2019-11-21  |y BK  |k AGR 
952 |0 0  |1 0  |4 0  |6 632_951700000000000_SIL_2003  |7 0  |8 A  |9 375988  |a BIBAGR  |b BIBAGR  |d 2019-11-21  |i 4335252  |l 1  |o 632.9517 SIL 2003  |p 4335252  |r 2025-01-20  |s 2023-09-07  |w 2019-11-21  |y BK  |k AGR 
952 |0 0  |1 0  |4 0  |6 632_951700000000000_SIL_2003  |7 0  |8 A  |9 375989  |a BIBAGR  |b BIBAGR  |d 2019-11-21  |i 4335260  |o 632.9517 SIL 2003  |p 4335260  |r 2025-01-20  |w 2019-11-21  |y BK  |k AGR 
952 |0 0  |1 0  |4 0  |6 632_951700000000000_SIL_2003  |7 0  |8 A  |9 375990  |a BIBAGR  |b BIBAGR  |d 2019-11-21  |i 4335279  |o 632.9517 SIL 2003  |p 4335279  |r 2025-01-20  |w 2019-11-21  |y BK  |k AGR